[Event "IECG CP.2007.P.00057 email"]
[Site "IECG email"]
[Date "2007.10.01"]
[Round "?"]
[White "Boettcher, Manfred"]
[Black "O'Bee, Chris"]
[Result "0-1"]
[WhiteElo "994"]
[BlackElo "2432"]
[PlyCount "26"]
[EventDate "2007.10.01"]
[EventType "tourn (corr)"]
[EventRounds "6"]
[EventCountry "ARG"]
[SourceTitle "Corr 2024"]
[Source "ChessBase"]
[SourceDate "2023.10.19"]
[SourceVersion "1"]
[SourceVersionDate "2023.10.19"]
[SourceQuality "1"]

1. e4 d5 2. exd5 Nf6 3. c4 c6 4. d4 cxd5 5. Nc3 g6 6. Qb3 Bg7 7. cxd5 0-0 8. Nge2 Re8 9. g3 e6 10. dxe6 Bxe6 11. Qxb7 Nbd7 12. Bg2 Rb8 13. Qa8 Rxa8 0-1

[Event "CFriend CP-2005-P-00029"]
[Site "Chessfriend.com"]
[Date "2005.10.01"]
[Round "1"]
[White "Wolczek, Stanislaus"]
[Black "Boettcher, Manfred"]
[Result "1-0"]
[WhiteElo "2207"]
[BlackElo "979"]
[PlyCount "53"]
[EventDate "2005.??.??"]
[EventType "tourn (corr)"]
[EventRounds "6"]
[SourceTitle "Corr 2008"]
[Source "ChessBase"]
[SourceDate "2008.06.24"]
[SourceVersion "1"]
[SourceVersionDate "2008.06.24"]
[SourceQuality "1"]

1. e4 e5 2. Nf3 Nf6 3. Nc3 Nc6 4. Bb5 Bb4 5. 0-0 0-0 6. d3 d6 7. Bg5 Bxc3 8. bxc3 Qe7 9. Re1 Nd8 10. d4 Ne6 11. Bd2 c5 12. a4 Rd8 13. dxe5 dxe5 14. Nxe5 Nc7 15. f4 Bg4 16. Nxg4 Nxg4 17. Be2 Nf6 18. Bf3 Ne6 19. e5 Nd5 20. f5 Nec7 21. Qe2 Rab8 22. Rad1 b5 23. c4 bxc4 24. Qxc4 Nb4 25. f6 Qe6 26. Qxc5 Nbd5 27. Ba5 1-0

[Event "IECG CP.2002.P.00047 email"]
[Site "IECG email"]
[Date "2002.10.01"]
[Round "?"]
[White "Boettcher, Manfred"]
[Black "Jacobs, Bernd"]
[Result "0-1"]
[WhiteElo "800"]
[BlackElo "1932"]
[PlyCount "111"]
[EventDate "2002.10.01"]
[EventType "tourn (corr)"]
[EventRounds "6"]
[EventCountry "GER"]
[SourceTitle "Corr 2008"]
[Source "ChessBase"]
[SourceDate "2008.06.24"]
[SourceVersion "1"]
[SourceVersionDate "2008.06.24"]
[SourceQuality "1"]

1. e4 d5 2. exd5 Qxd5 3. Nc3 Qa5 4. d4 c6 5. Bc4 Bf5 6. Bd2 Nf6 7. Qf3 Bxc2 8. Rc1 Bg6 9. d5 Qd8 10. Nh3 Nbd7 11. Bf4 Bh5 12. Qg3 Rc8 13. 0-0 a6 14. Rfe1 Nb6 15. dxc6 Rxc6 16. Bd3 e6 17. Ng5 Be7 18. Nge4 0-0 19. Nxf6+ Bxf6 20. Be4 Bxc3 21. bxc3 Nd5 22. Bxd5 exd5 23. Re5 Bg6 24. Rd1 Qa5 25. Rexd5 Qxa2 26. Rd8 Rc8 27. Rxc8 Rxc8 28. Qh3 Rf8 29. Qd7 Qb3 30. c4 Bc2 31. Re1 Qxc4 32. Re8 Qb4 33. Rxf8+ Qxf8 34. Qxb7 Bd3 35. Qd5 Bb5 36. f3 Qe8 37. Kf2 a5 38. Qe4 Qd8 39. Qe5 Bc4 40. Qc7 Qd4+ 41. Kg3 h5 42. Qc8+ Kh7 43. Qf5+ g6 44. Qe5 h4+ 45. Kxh4 Qf2+ 46. Bg3 Qxg2 47. Qf4 Be6 48. Kg5 Qb2 49. Qf6 Qd2+ 50. Qf4 Qd5+ 51. Kf6 Qd8+ 52. Ke5 Qd1 53. Qh4+ Kg8 54. Qe4 a4 55. Bf2 Qd8 56. Qb4 0-1

[Event "IECG CN.2002.0.00307 email"]
[Site "IECG email"]
[Date "2002.09.03"]
[Round "?"]
[White "Boettcher, Manfred"]
[Black "Tabor, James"]
[Result "1-0"]
[WhiteElo "800"]
[BlackElo "800"]
[PlyCount "37"]
[EventDate "2002.09.03"]
[EventType "tourn (corr)"]
[EventRounds "6"]
[SourceTitle "Corr 2008"]
[Source "ChessBase"]
[SourceDate "2008.06.24"]
[SourceVersion "1"]
[SourceVersionDate "2008.06.24"]
[SourceQuality "1"]

1. e4 e5 2. Nf3 Nc6 3. Bb5 Bc5 4. 0-0 h6 5. Nc3 Nf6 6. Bxc6 bxc6 7. Nxe5 Qe7 8. Nf3 0-0 9. Re1 Ng4 10. d4 Bb6 11. e5 Bb7 12. h3 c5 13. hxg4 Bxf3 14. Qxf3 cxd4 15. Nd5 Qh4 16. Bf4 c6 17. Nxb6 axb6 18. a3 g5 19. Bg3 1-0

[Event "IECG CN.2002.0.00307 email"]
[Site "IECG email"]
[Date "2002.09.03"]
[Round "?"]
[White "Venturas, Bob"]
[Black "Boettcher, Manfred"]
[Result "0-1"]
[WhiteElo "656"]
[BlackElo "800"]
[PlyCount "72"]
[EventDate "2002.09.03"]
[EventType "tourn (corr)"]
[EventRounds "6"]
[SourceTitle "Corr 2008"]
[Source "ChessBase"]
[SourceDate "2008.06.24"]
[SourceVersion "1"]
[SourceVersionDate "2008.06.24"]
[SourceQuality "1"]

1. e4 c5 2. d4 cxd4 3. Nf3 Nc6 4. Nxd4 Nf6 5. Nc3 e5 6. Nxc6 bxc6 7. Bg5 Be7 8. Bxf6 Bxf6 9. Bc4 0-0 10. 0-0 d6 11. Re1 Be6 12. Bd3 d5 13. exd5 cxd5 14. Rb1 g6 15. a3 Bg7 16. Qe2 f5 17. f3 Qb6+ 18. Kh1 Rad8 19. Bb5 Rc8 20. Ba4 e4 21. fxe4 fxe4 22. Rf1 Rxf1+ 23. Qxf1 Qd6 24. Nb5 Qc5 25. c3 Rf8 26. Qe2 Rf2 27. Qe1 e3 28. b4 Qb6 29. Rc1 Bd7 30. Rc2 Rxc2 31. Bxc2 Bxb5 32. Bd1 d4 33. cxd4 Qxd4 34. Qg1 e2 35. Bb3+ Kf8 36. Qe1 Qc3 0-1

[Event "IECG RN.2002.0.00015"]
[Site "IECG email"]
[Date "2002.08.16"]
[Round "?"]
[White "Marston, Dave"]
[Black "Boettcher, Manfred"]
[Result "1-0"]
[WhiteElo "800"]
[BlackElo "800"]
[PlyCount "43"]
[EventDate "2002.08.16"]
[EventType "tourn (corr)"]
[EventRounds "6"]
[SourceTitle "Corr 2008"]
[Source "ChessBase"]
[SourceDate "2008.06.24"]
[SourceVersion "1"]
[SourceVersionDate "2008.06.24"]
[SourceQuality "1"]

1. d4 Nf6 2. Nc3 e6 3. Bg5 Be7 4. e4 d6 5. Qf3 0-0 6. Nge2 Nc6 7. 0-0-0 a6 8. Bf4 Nd7 9. h4 Bf6 10. h5 e5 11. dxe5 Ndxe5 12. Qg3 Re8 13. Nd5 Nd7 14. Nxf6+ Nxf6 15. f3 Qe7 16. Bh6 g6 17. Nf4 Ne5 18. hxg6 fxg6 19. Bc4+ Kh8 20. Bg5 Rf8 21. Nd5 Nh5 22. Rxh5 1-0

[Event "IECG CN.2002.0.00277 email"]
[Site "IECG email"]
[Date "2002.01.16"]
[Round "?"]
[White "Boettcher, Manfred"]
[Black "Samartzis, John"]
[Result "1-0"]
[WhiteElo "800"]
[BlackElo "800"]
[PlyCount "55"]
[EventDate "2002.01.16"]
[EventType "tourn (corr)"]
[EventRounds "6"]
[SourceTitle "Corr 2008"]
[Source "ChessBase"]
[SourceDate "2008.06.24"]
[SourceVersion "1"]
[SourceVersionDate "2008.06.24"]
[SourceQuality "1"]

1. e4 e5 2. Nf3 Nc6 3. Bb5 Nf6 4. Nc3 a6 5. Bxc6 dxc6 6. Nxe5 Nxe4 7. Nxe4 Qd5 8. 0-0 Qxe5 9. Re1 Be6 10. d4 Qd5 11. Ng5 Be7 12. Nxe6 fxe6 13. Qg4 0-0 14. Qxe6+ Qxe6 15. Rxe6 Bf6 16. Be3 Kf7 17. Re4 Rad8 18. c3 Rfe8 19. Rxe8 Rxe8 20. Kf1 Ke6 21. Re1 Kd5 22. Bf4 Rxe1+ 23. Kxe1 Bd8 24. Ke2 c5 25. Be5 g6 26. Kd3 b5 27. g4 cxd4 28. cxd4 1-0